000 00845nam0a22002411 4500
001 rc\1108330
005 20041126174159.7
035 _a(NLR Aleph) 006352873
090 _a4820344
_c4820344
100 _a20041126d1982 u |0rusy50 ca
101 0 _arus
102 _aRU
105 _aa |||||||||
200 1 _aДневник наблюдений учащихся II класса над природой и трудовой деятельностью человека
_eПособие для учащихся
205 _a5-е изд.
210 _aМинск
_cНародная асвета
_d1982
215 _a63 с., 4 л. ил.
_cил.
_d21
700 1 _aМихайлова
_bА. В.
_gАнтонина Васильевна
801 0 _aRU
_bNLR
_gpsbo
801 1 _aRU
_bELAR
_2rusmarc
852 _aNLR
_j81-6/7000
942 _cBOOK
980 _aNB